|
|
|
|
| LEADER |
00739nam a2200181 a 4500 |
| 008 |
091121s2000 enka b 001 0 eng d |
| 040 |
|
|
|a DLC
|c DLC
|d DLC
|
| 082 |
0 |
0 |
|a 330/.024658
|2 20
|
| 100 |
1 |
|
|a Mishra, Bidhu Bhusan.
|
| 245 |
1 |
0 |
|a Development of Industrial entrepreneurship in Orissa /
|c Bidhu Bhusan Mishra
|
| 260 |
|
|
|a New Delhi ;
|b Laxmi Prakashani,
|c 1997.
|
| 300 |
|
|
|a xix, 647 p. :
|b col. ill. ;
|c 24 cm.
|
| 504 |
|
|
|a Includes bibliographical references and index.
|
| 541 |
1 |
|
|e 00010465
|
| 650 |
|
0 |
|a Managerial economics.
|
| 852 |
4 |
|
|a Ayesha Abed Library
|j General Shelf
|
| 999 |
|
|
|c 6177
|d 6177
|
| 952 |
|
|
|0 0
|1 0
|2 ddc
|4 0
|6 330_024658000000000_MIS
|7 0
|9 16440
|a BRACUL
|b BRACUL
|c GEN
|d 2011-05-15
|l 0
|o 330.024658 MIS
|p 3010011056
|r 2011-05-15
|t 1
|w 2011-05-15
|y BK
|